000 00741nam a2200265Ia 4500
003 OSt
005 20221007070646.0
006 a|||||r|||| 00| 0
007 ta
008 221006b |||||||| |||| 00| 0 eng d
024 _a43,869
037 _cTextual
040 _aFLL
_cFLL
_beng
041 _2eng
_aeng
082 _aZ2,805, Q3
100 _aPrasad B M
_9687562
245 0 _aCode of criminal procedure ,
250 _a21st
260 _aGurgaon
_bLexisNexis India
_c2013
300 _acxxxv,1289p
_ccm.
700 _a Manish Mohan
_9687563
700 _a Ratan Lal & Dheeraj Lal
_9687564
942 _hZ2,805, Q3
_cTEXL
_2CC
999 _c1141155
_d1141155